Vstup Slovenska do EÚ: problémy a perspektívy vývoja priamych zahraničných investícií
Prílev priamych zahraničných investícií do SR v rokoch 1994-2000. Podiel členských krajín EÚ na celkovom stave priamych zahraničných investícií v SR. Očakávané zmeny vyplývajúce zo vstupu Slovenska do EÚ.
Salvato in:
| Autore principale: | |
|---|---|
| Altri autori: | |
| Natura: | Capitolo di libro |
| Lingua: | slovacco |
| Soggetti: | |
| Tags: |
Nessun Tag, puoi essere il primo ad aggiungerne!!
|
MARC
| LEADER | 00000naa a2200000 4500 | ||
|---|---|---|---|
| 001 | r046506 | ||
| 005 | 20240502071341.2 | ||
| 041 | 0 | |a slo | |
| 044 | |a SK | ||
| 245 | 1 | 0 | |a Vstup Slovenska do EÚ: problémy a perspektívy vývoja priamych zahraničných investícií |c Soňa Ferenčíková, Zuzana Mogyorosiová |
| 520 | |a Prílev priamych zahraničných investícií do SR v rokoch 1994-2000. Podiel členských krajín EÚ na celkovom stave priamych zahraničných investícií v SR. Očakávané zmeny vyplývajúce zo vstupu Slovenska do EÚ. | ||
| 610 | 2 | 0 | |a investície priame zahraničné |
| 610 | 2 | 0 | |a SVE |
| 610 | 2 | 0 | |a Slovensko |
| 610 | 2 | 0 | |a Európska únia |
| 100 | 1 | |a Ferenčíková, Soňa, 1960- | |
| 700 | 1 | |a Mogyorosiová, Zuzana, 1975- | |